000 00571nam a2200229Ia 4500
003 OSt
005 20220918175957.0
006 a|||||r|||| 00| 0
007 ta
008 220917b |||||||| |||| 00| 0 eng d
024 _a20,050
037 _cTextual
040 _aARTS
_cARTS
_beng
041 _2eng
_aeng
082 _aO:3:9M43, J7
100 _aJames Henry
_911257
245 0 _aHouse of fiction ed by Leon Edel
260 _c1957
650 _aENGLISH LITERATURE
942 _hO:3:9M43, J7
_cTEXL
_2CC
999 _c159822
_d159822